Purānī kahāniyāṁ, naī sīkheṃ / (Record no. 82570)

MARC details
000 -LEADER
fixed length control field 00686cam a22002291a 4500
001 - CONTROL NUMBER
control field sa 68008777
003 - CONTROL NUMBER IDENTIFIER
control field DLC
005 - DATE AND TIME OF LATEST TRANSACTION
control field 20260227112536.0
008 - FIXED-LENGTH DATA ELEMENTS--GENERAL INFORMATION
fixed length control field 870716s1967 ii a 000 0 hino
010 ## - LIBRARY OF CONGRESS CONTROL NUMBER
LC control number sa 68008777
035 ## - SYSTEM CONTROL NUMBER
System control number (OCoLC)16196473
040 ## - CATALOGING SOURCE
Original cataloging agency DLC
Transcribing agency IU
Modifying agency DLC
042 ## - AUTHENTICATION CODE
Authentication code premarc
050 00 - LIBRARY OF CONGRESS CALL NUMBER
Classification number PK1730.4.I9
Item number P8
100 1# - MAIN ENTRY--PERSONAL NAME
Personal name Tivārī, Ānandī Lāla.
245 10 - TITLE STATEMENT
Title Purānī kahāniyāṁ, naī sīkheṃ /
Statement of responsibility, etc. Ānandī Lāla Tivārī.
260 ## - PUBLICATION, DISTRIBUTION, ETC.
Place of publication, distribution, etc. Naī Dilli :
Name of publisher, distributor, etc. Unesko kī ora se Neśanala Buka Trasta, Indiyā,
Date of publication, distribution, etc. 1967.
300 ## - PHYSICAL DESCRIPTION
Extent 106 p. :
Other physical details ill. ;
Dimensions 19 cm.
440 #0 - SERIES STATEMENT/ADDED ENTRY--TITLE
Title Navasākshara pustakamālā ;
Volume/sequential designation 1
500 ## - GENERAL NOTE
General note In Hindi.
500 ## - GENERAL NOTE
General note Romanized record.

No items available.

Powered by Koha